Monomial clones over F-q
The description of the poset of clones generated by a single binary idempotent monomial over F-q is given by purely number theoretic means.
Elmentve itt :
| Szerzők: | |
|---|---|
| Dokumentumtípus: | Cikk |
| Megjelent: |
2019
|
| Sorozat: | ALGEBRA UNIVERSALIS
80 No. 2 |
| Tárgyszavak: | |
| doi: | 10.1007/s00012-019-0591-7 |
| mtmt: | 30706243 |
| Online Access: | http://publicatio.bibl.u-szeged.hu/28135 |
| LEADER | 00880nab a2200241 i 4500 | ||
|---|---|---|---|
| 001 | publ28135 | ||
| 005 | 20230829085321.0 | ||
| 008 | 230829s2019 hu o 0|| Angol d | ||
| 022 | |a 0002-5240 | ||
| 024 | 7 | |a 10.1007/s00012-019-0591-7 |2 doi | |
| 024 | 7 | |a 30706243 |2 mtmt | |
| 040 | |a SZTE Publicatio Repozitórium |b hun | ||
| 041 | |a Angol | ||
| 100 | 1 | |a Horváth Gábor | |
| 245 | 1 | 0 | |a Monomial clones over F-q |h [elektronikus dokumentum] / |c Horváth Gábor |
| 260 | |c 2019 | ||
| 300 | |a 9 | ||
| 490 | 0 | |a ALGEBRA UNIVERSALIS |v 80 No. 2 | |
| 520 | 3 | |a The description of the poset of clones generated by a single binary idempotent monomial over F-q is given by purely number theoretic means. | |
| 650 | 4 | |a Matematika | |
| 700 | 0 | 2 | |a Kátai-Urbán Kamilla |e aut |
| 700 | 0 | 2 | |a Szabó Csaba |e aut |
| 856 | 4 | 0 | |u http://publicatio.bibl.u-szeged.hu/28135/1/monclone_alguniv_rep.pdf |z Dokumentum-elérés |